Gustave Courbet : les années suisses ; [à l'occasion de l'Exposition "Gustave Courbet. Les Années Suisses" présentée au Musée Rath/Musées d'Art et d'Histoire de Genève, du 5 septembre 2014 au 4 janvier 2015]
Saved in:
| Other Authors: | |
|---|---|
| Document Type: | Conference Proceeding Book |
| Language: | French |
| Published: |
[Paris]
: Éditions Artlys [u.a.]
, c 2014
|
| Subjects: | |
| Online Access: | Inhaltsverzeichnis Inhaltsverzeichnis |
| Related Items: | Rezension:
"Saison Courbet"? |
| Author Notes: | sous la direction de Laurence Madeline |
| LEADER | 06097cam a2201129 c 4500 | ||
|---|---|---|---|
| 001 | 799359912 | ||
| 003 | DE-627 | ||
| 005 | 20260617223852.0 | ||
| 007 | tu | ||
| 008 | 141031s2014 fr ||||| c 00| ||fre c | ||
| 020 | |a 2854955811 |9 2-85495-581-1 | ||
| 020 | |a 9782854955811 |9 978-2-85495-581-1 | ||
| 024 | 3 | |a 9782854955811 | |
| 035 | |a (DE-627)799359912 | ||
| 035 | |a (DE-603)352372427 | ||
| 035 | |a (DE-576)414054024 | ||
| 035 | |a (DE-599)GBV799359912 | ||
| 035 | |a (OCoLC)1573879054 | ||
| 035 | |a (OCoLC)891758397 | ||
| 035 | |a (OCoLC)890576590 | ||
| 035 | |a (ZDB-21-EIL)3114687 | ||
| 040 | |a DE-627 |b ger |c DE-627 |e rakwb | ||
| 041 | |a fre | ||
| 044 | |c XA-FR |c XA-CH | ||
| 050 | 0 | |a ND553.C9 | |
| 082 | 0 | |a 759 |2 14 | |
| 084 | |a LI 23820 |2 rvk |0 (DE-625)rvk/95800: | ||
| 084 | |a 20.31 |2 bkl | ||
| 084 | |a 21.02 |2 bkl | ||
| 245 | 0 | 0 | |a Gustave Courbet |b les années suisses ; [à l'occasion de l'Exposition "Gustave Courbet. Les Années Suisses" présentée au Musée Rath/Musées d'Art et d'Histoire de Genève, du 5 septembre 2014 au 4 janvier 2015] |c sous la direction de Laurence Madeline |
| 264 | 1 | |a [Paris] |b Éditions Artlys [u.a.] |c c 2014 | |
| 300 | |a 265 S |b zahlr. Ill |c 31 cm | ||
| 336 | |a Text |b txt |2 rdacontent | ||
| 336 | |a unbewegtes Bild |b sti |2 rdacontent | ||
| 337 | |a ohne Hilfsmittel zu benutzen |b n |2 rdamedia | ||
| 338 | |a Band |b nc |2 rdacarrier | ||
| 500 | |a Includes bibliographical references (page 264) | ||
| 505 | 8 | 0 | |t Les dernières années de Courbet ou la fin de la double peine |r Laurence MadelinePaysage et politique, de L'atelier du peintre au Grand panorama des Alpes / James H. Rubin |
| 505 | 8 | 0 | |t Pour une pratique collective de la peinture |r Bertrand Tillier |
| 505 | 8 | 0 | |t Le marché de l'art dans la région lémanique |r Vincent Chenal |
| 505 | 8 | 0 | |t Gustave Courbet et Paul Durand-Ruel dans les années 1870 |r Flavie et Paul-Louis Durand-Ruel |
| 505 | 8 | 0 | |t Courbet, les radicaux suisses et les réfugiés de la Commune |r Marc Vuilleumier |
| 505 | 8 | 0 | |t L'impossible oeuvre tardif de M. Courbet |r Laurence des Cars |
| 505 | 8 | 0 | |t Ferdinand Hodler, sur les traces de Gustave Courbet |r Matthias Fischer |
| 505 | 8 | 0 | |t 1873-1877, l'exil en Suisse |r Pierre Chessex |
| 505 | 8 | 0 | |t Carte des déplacements documentés de Gustave Courbet en Suisse ; Sélection de lettres ; Le cercle de Courbet |r Pierre Chessex |
| 505 | 8 | 0 | |t Une chronologie qui ne va pas de soi |r Pierre Chessex |
| 505 | 8 | 0 | |t Courbet à l'épreuve de l'exil |r Jean-Luc Mayaud |
| 505 | 8 | 0 | |t La "Galerie Courbet" |r Laurence Madeline |
| 505 | 8 | 0 | |t Sur quelques autoportraits choisis de Courbet |r Ulf Küster |
| 505 | 8 | 0 | |t L'Ivrogne d'Ornans, chef-d'oeuvre dans l'horreur |r Frédérique Desbuissons |
| 505 | 8 | 0 | |t Courbet sculpteur |r Pierre Chessex |
| 505 | 8 | 0 | |t Le "marketing" du château de Chillon |r Petra ten-Doesschate Chu |
| 505 | 8 | 0 | |t À Bon-Port, les marines de Courbet en exil |r Ségolène Le Men |
| 505 | 8 | 0 | |t Gustave Courbet, la montagne et l'art en Suisse |r Philippe Kaenel |
| 505 | 8 | 0 | |t La Panorama des Alpes, un tombeau pour Courbet |r Laurence Madeline. |
| 583 | 1 | |a Archivierung/Langzeitarchivierung gewährleistet |f SLG |z Frankreichforschung |2 pdager |5 DE-77 | |
| 600 | 1 | 0 | |a Courbet, Gustave |d 1819-1877 |v Exhibitions |
| 600 | 1 | 0 | |a Courbet, Gustave |d 1819-1877 |x Criticism and interpretation |
| 600 | 1 | 7 | |0 (DE-588)118522450 |0 (DE-627)145360997 |0 (DE-576)160631262 |a Courbet, Gustave |d 1819-1877 |2 gnd |
| 650 | 0 | |a Painting, French |z Switzerland |v Exhibitions | |
| 650 | 0 | |a Painters |z France |y 19th century |v Biography | |
| 651 | 0 | |a Switzerland |x In art |v Exhibitions | |
| 651 | 7 | |0 (DE-588)4053881-3 |0 (DE-627)104584904 |0 (DE-576)20910614X |a Schweiz |2 gnd | |
| 655 | 7 | |a Ausstellungskatalog |x Musée Rath |y 05.09.2014-04.01.2015 |0 (DE-588)4135467-9 |0 (DE-627)10566491X |0 (DE-576)209660988 |2 gnd-content | |
| 655 | 7 | |a Ausstellungskatalog |y 2014 |z Genf |0 (DE-588)4135467-9 |0 (DE-627)10566491X |0 (DE-576)209660988 |2 gnd-content | |
| 689 | 0 | 0 | |d p |0 (DE-588)118522450 |0 (DE-627)145360997 |0 (DE-576)160631262 |a Courbet, Gustave |d 1819-1877 |2 gnd |
| 689 | 0 | 1 | |d g |0 (DE-588)4053881-3 |0 (DE-627)104584904 |0 (DE-576)20910614X |a Schweiz |2 gnd |
| 689 | 0 | 2 | |a z |2 gnd |a Geschichte 1873-1877 |
| 689 | 0 | |5 (DE-627) | |
| 689 | 1 | 0 | |d p |0 (DE-588)118522450 |0 (DE-627)145360997 |0 (DE-576)160631262 |a Courbet, Gustave |d 1819-1877 |2 gnd |
| 689 | 1 | 1 | |d s |0 (DE-588)4114355-3 |0 (DE-627)105822795 |0 (DE-576)20948392X |a Landschaftsmalerei |2 gnd |
| 689 | 1 | 2 | |d s |0 (DE-588)4120027-5 |0 (DE-627)105779458 |0 (DE-576)209531649 |a Schweiz |g Motiv |2 gnd |
| 689 | 1 | |5 (DE-627) | |
| 700 | 1 | |a Courbet, Gustave |d 1819-1877 |e Ill. |0 (DE-588)118522450 |0 (DE-627)145360997 |0 (DE-576)160631262 |4 ill | |
| 700 | 1 | |a Madeline, Laurence |d 1965- |e Hrsg. |0 (DE-588)1057368687 |0 (DE-627)795876203 |0 (DE-576)413492028 |4 edt | |
| 710 | 2 | |a Musée Rath |0 (DE-588)2073187-5 |0 (DE-627)103811079 |0 (DE-576)192174215 |4 oth | |
| 711 | 2 | |a Exposition "Gustave Courbet. Les années suisses" |d 2014-2015 |c Genf |0 (DE-588)1059835762 |0 (DE-627)798889837 |0 (DE-576)415890950 |4 oth | |
| 787 | 0 | 8 | |i Rezension |a Stöppel, Daniela, 1976 - |t "Saison Courbet"? |d 2015 |w (DE-627)175019600X |
| 856 | 4 | 2 | |u https://swbplus.bsz-bw.de/bsz414054024inh.htm |m B:DE-576;DE-16 |q application/pdf |v 20141205151838 |x Verlag |3 Inhaltsverzeichnis |7 1 |
| 856 | 4 | 2 | |u http://swbplus.bsz-bw.de/bsz414054024inh.htm |m V:DE-576;B:DE-16 |q application/pdf |3 Inhaltsverzeichnis |7 1 |
| 889 | |w (DE-627)175235737X | ||
| 935 | |a MZFRA | ||
| 935 | |i Blocktest | ||
| 936 | r | v | |a LI 23820 |b Courbet, Gustave |k Kunstgeschichte |k Künstler-Monografien |k Alphabetische Künstlerliste |k Künstler C |k Courbet, Gustave |0 (DE-627)1271528711 |0 (DE-625)rvk/95800: |0 (DE-576)201528711 |
| 936 | b | k | |a 20.31 |j Bildende Künstler |0 (DE-627)181571080 |
| 936 | b | k | |a 21.02 |j Geschichte der Malerei |0 (DE-627)106406698 |
| 936 | s | n | |a l300 |2 mzub |
| 951 | |a BO | ||
| 990 | |a Courbet, Gustave | ||
| 990 | |a Schweiz | ||
| 990 | |a Geschichte 1873-1877 | ||
| 990 | |a Courbet, Gustave | ||
| 990 | |a Landschaftsmalerei | ||
| 990 | |a Schweiz | ||
| 991 | |a Rezensiertes Werk | ||
| 999 | |a KXP-PPN799359912 |e 4050002272 | ||


